Slovenský VW je žolíkom Wolfsburgu

Hospodárenie bratislavského Volkswagenu Slovakia, a.s. Bratislava v r. 2002. Nárast tržieb a zisku. Nové modely vyrábané vo firme. Slovenský Volkswagen sa nesústreďuje len na automobily, ale aj na výrobu súčiastok do nich. Presúvanie výroby niektorých automobilov zo Španielska na Slovensko.

Salvato in:
Dettagli Bibliografici
Autore principale: Kremský, Peter
Natura: Capitolo di libro
Lingua:slovacco
Soggetti:
Tags: Aggiungi Tag
Nessun Tag, puoi essere il primo ad aggiungerne!!

MARC

LEADER 00000naa a2200000 4500
001 r046740
005 20230921113652.6
041 0 |a slo 
044 |a SK 
245 1 0 |a Slovenský VW je žolíkom Wolfsburgu  |c Peter Kremský 
520 |a Hospodárenie bratislavského Volkswagenu Slovakia, a.s. Bratislava v r. 2002. Nárast tržieb a zisku. Nové modely vyrábané vo firme. Slovenský Volkswagen sa nesústreďuje len na automobily, ale aj na výrobu súčiastok do nich. Presúvanie výroby niektorých automobilov zo Španielska na Slovensko. 
610 2 0 |a hospodárenie finančné 
610 2 0 |a hospodárenie podnikové 
610 2 0 |a tržby 
610 2 0 |a zisk 
610 2 0 |a automobily 
610 2 0 |a súčiastky 
610 2 0 |a Volkswagen Slovakia, a.s. Bratislava 
610 2 0 |a 2002 
100 1 |a Kremský, Peter